00317nam a2200133Ia 4500003000400000008004100004082001300045100001800058245004800076250000800124260003400132300000900166650000800175OSt191201s2009 xx 000 0 und d a332bRUF aRUSTAGI, R.P. 0aFinancial Analysis and Financial Management aRep aNew DelhibSultan Chandc2009 a1126 aMBA